000 00709nam a2200217 u 4500
005 20240925065617.0
008 110829s2009 ag r 000 0 spa d
020 _a9789870008385
035 _aUPN01000181596
049 _aCG
050 4 _aHM621
_bA5.2
100 1 _aAnder-Egg, Ezequiel,
_d1930-
_928724
245 1 0 _aAproximaciones al problema de la cultura, como respuesta al problema de la vida /
_cEzequiel Ander-Egg.
260 _aBuenos Aires :
_bLumen-Hvmanitas
_c2009.
300 _a70 p.
440 0 _aCuadernos de trabajo social y animación sociocultural
650 4 _aCULTURA -
_xASPECTOS SOCIALES
_96808
650 4 _aSociología
_95756
650 4 _aTrabajo social
_96125
905 _aLibro
999 _c153699
_d153699